Game theory /

Guardado en:
Autor Principal: Owen, Guillermo.
Formato: Libro
Idioma:English
Publicado: San Diego : Academic Press, c1995.
Edición:3rd ed.
Materias:
Acceso en línea:Publisher description
Etiquetas: Agregar Etiqueta
Sin Etiquetas, Sea el primero en etiquetar este registro!
LEADER 01206cam a2200241 a 4500
001 MAT.inmabb003278
008 950327s1995####caua#####b####001#0#eng##
005 20130313153607.0
245 1 0 |a Game theory /  |c Guillermo Owen. 
250 |a 3rd ed. 
260 |a San Diego :  |b Academic Press,  |c c1995. 
300 |a xii, 447 p. :  |b il. ;  |c 24 cm. 
504 |a Incluye referencias bibliográficas (p. 435-442) e índice. 
505 8 |a 1. Definition of a game -- 2. Two-person zero-sum games -- 3. Linear programming -- 4. Infinite games -- 5. Multistage games -- 6. Games with incomplete information -- 7. Utility theory -- 8. Two-person general-sum games -- 9. Two-person cooperative games -- 10. $n$-person games -- 11. Stable sets -- 12. Indices of power -- 13. The bargaining set and related concepts -- 14. Nonatomic games -- 15. Games without side payments -- 16. Spatial games. 
510 4 |a MR,  |c 96i:90003 
020 |a 0125311516 
100 1 |a Owen, Guillermo. 
650 0 |a Game theory. 
084 |a 91-01  |2 msc2000 
010 |a  95012397  
040 |a DLC  |c DLC  |d DLC 
856 4 2 |3 Publisher description  |u http://www.loc.gov/catdir/description/els032/95012397.html 
859 |h 91  |i Ow97  |p A-7658  |b BIB. MATEMATICA